书目信息 |
| 题名: |
北京市高速公路收费罩棚维护维修预算编制办法
|
|
| 作者: | 刘绍民 , 孔祥杰 主编 ;北京市首都公路发展集团公司 主编 | |
| 分册: | ||
| 出版信息: | 北京 人民交通出版社股份有限公司 2018.06 |
|
| 页数: | 37页 | |
| 开本: | 30cm | |
| 丛书名: | ||
| 单 册: | ||
| 中图分类: | U418.7 | |
| 科图分类: | ||
| 主题词: | 高速公路--gao su gong lu--收费站--维修--预算编制--北京 | |
| 电子资源: | ||
| ISBN: | 978-7-114-14676-3 | |
| 000 | 01083nam0 2200265 450 | |
| 001 | 0100011050 | |
| 005 | 20190905093952.0 | |
| 010 | @a978-7-114-14676-3@dCNY35.00 | |
| 100 | @a20190904d2018 em y0chiy50 ea | |
| 101 | 0 | @achi |
| 102 | @aCN@b110000 | |
| 105 | @aak z 000yy | |
| 106 | @ar | |
| 200 | 1 | @a北京市高速公路收费罩棚维护维修预算编制办法@Abei jing shi gao su gong lu shou fei zhao peng wei hu wei xiu yu suan bian zhi ban fa@f北京市首都公路发展集团有限公司主编 |
| 210 | @a北京@c人民交通出版社股份有限公司@d2018.06 | |
| 215 | @a37页@c图@d30cm | |
| 314 | @a书内题: 刘绍民, 孔祥杰主编 | |
| 330 | @a本书分为总则、预算编制办法、预算费用标准和计算方法三部分。主要内容包括: 预算编制依据 ; 预算文件组成 ; 预算项目等。 | |
| 606 | 0 | @a高速公路@Agao su gong lu@x收费站@x维修@x预算编制@y北京 |
| 690 | @aU418.7@v5 | |
| 701 | 0 | @a刘绍民@Aliu shao min@4主编 |
| 701 | 0 | @a孔祥杰@Akong xiang jie@4主编 |
| 711 | 02 | @a北京市首都公路发展集团公司@Abei jing shi shou du gong lu fa zhan ji tuan gong si@4主编 |
| 801 | 0 | @aCN@c20190905 |
| 905 | @a河南城建学院图书馆@dU418.7@eL674-2 | |
| 北京市高速公路收费罩棚维护维修预算编制办法/北京市首都公路发展集团有限公司主编.-北京:人民交通出版社股份有限公司,2018.06 |
| 37页:图;30cm |
| ISBN 978-7-114-14676-3:CNY35.00 |
| 本书分为总则、预算编制办法、预算费用标准和计算方法三部分。主要内容包括: 预算编制依据 ; 预算文件组成 ; 预算项目等。 |
| ● |
| 相关链接 |
|
|
|
正题名:北京市高速公路收费罩棚维护维修预算编制办
索取号:U418.7/L674-2
 
预约/预借
| 序号 | 登录号 | 条形码 | 馆藏地/架位号 | 状态 | 备注 |
| 1 | 1439399 | 214393994 | 自科库501/501自科库 53排7列1层/ [索取号:U418.7/L674-2] | 在馆 | |
| 2 | 1439400 | 214394001 | 自科库501/501自科库 53排7列1层/ [索取号:U418.7/L674-2] | 在馆 |